Marine Scotland (Record no. 120783)

MARC details
000 -LEADER
fixed length control field 01062cai a22001815a 4500
001 - CONTROL NUMBER
control field E147098
008 - FIXED-LENGTH DATA ELEMENTS--GENERAL INFORMATION
fixed length control field 090401u xxk g 000 0 eng d
035 ## - SYSTEM CONTROL NUMBER
System control number (Sirsi) u147098
041 0# - LANGUAGE CODE
Language code of text/sound track or separate title eng
110 2# - MAIN ENTRY--CORPORATE NAME
Corporate name or jurisdiction name as entry element Scotland
Subordinate unit Scottish Government
9 (RLIN) 5344
245 00 - TITLE STATEMENT
Title Marine Scotland
Medium [electronic resource]
520 ## - SUMMARY, ETC.
Summary, etc. Section of the Scottish Government website devoted to Marine Scotland, an organisation which is operational from 1 April 2009, and which brings together the functions formerly divided between the Scottish Government Marine Directorate, the Fisheries Research Services and the Scottish Fisheries Protection Agency. Includes sections on marine strategy, marine science, and compliance, as well as the Marine Scotland Strategy Statement.
590 ## - LOCAL NOTE (RLIN)
Local note KA
651 #4 - SUBJECT ADDED ENTRY--GEOGRAPHIC NAME
Geographic name Scotland
Chronological subdivision 1707-1998
690 ## - LOCAL SUBJECT ADDED ENTRY--TOPICAL TERM (OCLC, RLIN)
Topical term or geographic name as entry element PROPERTY-RURAL AND NATURAL ASSETS-MARINE RESOURCES-MARINE RESOURCE MANAGEMENT
856 40 - ELECTRONIC LOCATION AND ACCESS
Uniform Resource Identifier <a href="https://www.scotland.gov.uk/About/Directorates/Wealthier-and-Fairer/marine-scotland">https://www.scotland.gov.uk/About/Directorates/Wealthier-and-Fairer/marine-scotland</a>
Public note View the website free of charge at www.scotland.gov.uk...
942 ## - ADDED ENTRY ELEMENTS (KOHA)
Suppress in OPAC 0
Holdings
Withdrawn status Lost status Source of classification or shelving scheme Damaged status Not for loan Home library Current library Shelving location Date acquired Total Checkouts Full call number Barcode Date last seen Copy number Price effective from Koha item type
    Dewey Decimal Classification     Virtual Virtual Online 01/04/2009   WEBSITE 147098-2001 06/08/2019 1 06/08/2019 Online material